00458nam a2200157Ia 4500008004100000040001900041041001200060082002800072100001900100245006700119260002900186300002100215504003500236650001900271850001000290131103s9999 xx 000 0 und d aLoreto College aEnglish a954.03/CHAbLCLIB/37560 aChandra,Bipan  aIndia's struggle for independence (1857 - 1947)cBipan Chandra aNew DelhibPenguinc1989 a600 p. c 21 cm. aFirst published by Viking 1988 aModern History aLCLIB